LEADER 01932oam 2200481 450 001 9910713707303321 005 20200817104946.0 035 $a(CKB)5470000002504615 035 $a(OCoLC)966435131 035 $a(OCoLC)995470000002504615 035 $a(EXLCZ)995470000002504615 100 $a20161219d1999 ua 0 101 0 $aeng 135 $aurbn||||||||| 181 $ctxt$2rdacontent 182 $cc$2rdamedia 183 $acr$2rdacarrier 200 10$aConceptual model and numerical simulation of the ground-water-flow system in the unconsolidated sediments of Thurston County, Washington /$fby B.W. Drost, D.M. Ely and W.E. Lum, II 210 1$aTacoma, Washington :$cU.S. Geological Survey,$d1999. 215 $a1 online resource (iv, 106 pages) $cillustrations, color maps 225 1 $aWater-resources investigations report ;$v99-4165 300 $aChiefly tables. 300 $a"Prepared in cooperation with the Thurston County Health Department." 320 $aIncludes bibliographical references (pages 104-106). 606 $aGroundwater flow$zWashington (State)$zThurston County$xMathematical models 606 $aGroundwater flow$xMathematical models$2fast 607 $aWashington (State)$zThurston County$2fast 615 0$aGroundwater flow$xMathematical models. 615 7$aGroundwater flow$xMathematical models. 700 $aDrost$b B. W.$01387427 702 $aEly$b D. Matthew$g(David Matthew), 702 $aLum$b W. E.$cII$g(William E.), 712 02$aGeological Survey (U.S.), 712 02$aThurston County (Wash.).$bDepartment of Health. 801 0$bCOP 801 1$bCOP 801 2$bOCLCO 801 2$bOCLCF 801 2$bGPO 906 $aBOOK 912 $a9910713707303321 996 $aConceptual model and numerical simulation of the ground-water-flow system in the unconsolidated sediments of Thurston County, Washington$93462038 997 $aUNINA LEADER 01489nam0 2200337 i 450 001 MIL0556781 005 20231121125550.0 010 $a8846704614 020 $aIT$b2002-14624 100 $a20160219d2001 ||||0itac50 ba 101 | $aita 102 $ait 181 1$6z01$ai $bxxxe 182 1$6z01$an 200 1 $aQuantificazione totale/universale e determinatezza nelle lingue del Mediterraneo$euna prospettiva tipologica, areale e diacronica$fIgnazio Putzu 210 $aPisa$cETS$d\2001! 215 $a214 p.$d24 cm. 225 | $aPubblicazioni della Facoltà di lettere e filosofia dell'Università di Pavia$v95 410 0$1001CFI0001771$12001 $aPubblicazioni della Facoltà di lettere e filosofia dell'Università di Pavia$v95$171201$aUniversità degli studi$c $b : Facoltà di lettere e filosofia$3CFIV001266 606 $aLingue$xPaesi mediterranei$2FIR$3CFIC109752$9I 676 $a409.1822$9LINGUAGGIO. Regione mediterranea$v22 700 1$aPutzu$b, Ignazio$3MILV240040$4070$01441603 790 1$aPutzu$b, Ignazio E.$3PAVV072243$zPutzu, Ignazio 801 3$aIT$bIT-01$c20160219 850 $aIT-FR0017 899 $aBiblioteca umanistica Giorgio Aprea$bFR0017 912 $aMIL0556781 950 0$aBiblioteca umanistica Giorgio Aprea$d 52MAG 1 Coll Z 95$e 52FLS0000379095 VMB RS $fA $h20200519$i20200519 977 $a 52 996 $aQuantificazione totale$93610775 997 $aUNICAS LEADER 01684nam 22003853 450 001 9910131657203321 005 20231018135609.0 035 $a(CKB)3460000000087246 035 $a(ItFiC)it 02448222 035 $a(Perlego)3117719 035 $a(EXLCZ)993460000000087246 100 $a20110322d2009 uy 0 101 0 $aita 200 00$aChiesa cattolica e società sotterranea ai tempi del comunismo $eil Fondo Ricci e le sue fonti per una storia delle religioni in Europa orientale /$fa cura di Stefano Bianchini 210 $aBologna $cCLUEB$d2009 215 $a369 p. ;$d24 cm 300 $aAt head of title: Alma mater studiorum Università di Bologna ... 300 $aFrancesco Ricci (1930-1991). 311 08$a9788849133103 311 08$a8849133103 320 $aIncludes bibliographical references. 330 8 $aCon questo volume l'Universita? di Bologna pubblica il Catalogo completo delle fonti documentarie e librarie del «Fondo Ricci». Nel testo vengono svolte considerazioni sul rapporto tra Chiesa cattolica ed esperienza politica comunista in Europa Orientale, alla luce dei materiali collezionati per quasi trent'anni da don Francesco Ricci, sullo sfondo di una sua piu? generale riflessione relativa all'identita? dell'Europa. 517 $aChiesa cattolica e società sotterranea ai tempi del comunismo 676 $a320 676 $a306 676 $a261 676 $a282 676 $a016 676 $a322 701 $aBianchini$b S$g(Stefano)$01022579 801 0$bItFiC 906 $aBOOK 912 $a9910131657203321 996 $aChiesa cattolica e società sotterranea ai tempi del comunismo$94468674 997 $aUNINA